| 000 | 00800 a2200217 4500 | ||
|---|---|---|---|
| 003 | NUST | ||
| 005 | 20221114145508.0 | ||
| 010 | _a 89084245 | ||
| 020 | _a0155510088 | ||
| 040 | _cNust | ||
| 082 | 0 | 0 | _a512.5,ONA |
| 100 | 1 |
_aO'Nan, Michael. _939091 |
|
| 245 | 1 | 0 |
_aLinear algebra / _cMichael O'Nan, Herbert Enderton. |
| 250 | _a3rd ed. | ||
| 260 |
_aSan Diego : _bHarcourt Brace Jovanovich, _cc1990. |
||
| 300 |
_aix, 461 p. : _bill. ; _c25 cm. |
||
| 505 | _aSystems of Linear Equations (Page-1), Vector and Matrices (Page-26), Determinants (Page-93), Vector Spaces (Page-133), Linear Transformations (Page-220), Products (Page-319), Eigenvalues and Canonical Forms (Page-380). | ||
| 650 | 0 |
_aAlgebras, Linear. _910720 |
|
| 700 | 1 |
_aEnderton, Herbert B. _939092 |
|
| 942 |
_2ddc _cBK _k512.5,ONA |
||
| 999 |
_c182145 _d182145 |
||